Countries by National Football Team Kit Colours - Statistics

General Stats
  • This quiz has been taken 23 times
  • The average score is 26 of 211
Answer Stats
Η Α Country Confederation % Correct
Hungary UEFA
75%
Uruguay CONMEBOL
50%
Honduras CONCACAF
38%
Ivory Coast CAF
38%
Niger CAF
38%
Pakistan AFC
38%
Ukraine UEFA
38%
Algeria CAF
25%
American Samoa OFC
25%
Argentina CONMEBOL
25%
Australia AFC
25%
Austria UEFA
25%
Bermuda CONCACAF
25%
Bolivia CONMEBOL
25%
Bosnia and Herzegovina UEFA
25%
Botswana CAF
25%
Brazil CONMEBOL
25%
Bulgaria UEFA
25%
Chile CONMEBOL
25%
Colombia CONMEBOL
25%
Cyprus UEFA
25%
Czech Republic UEFA
25%
Denmark UEFA
25%
Ecuador CONMEBOL
25%
El Salvador CONCACAF
25%
England UEFA
25%
Estonia UEFA
25%
Fiji OFC
25%
Finland UEFA
25%
Germany UEFA
25%
Greece UEFA
25%
Haiti CONCACAF
25%
Hong Kong AFC
25%
India AFC
25%
Ireland UEFA
25%
Israel UEFA
25%
Japan AFC
25%
Kosovo UEFA
25%
Liechtenstein UEFA
25%
Lithuania UEFA
25%
Montenegro UEFA
25%
Morocco CAF
25%
Netherlands UEFA
25%
New Zealand OFC
25%
Nicaragua CONCACAF
25%
Northern Ireland UEFA
25%
North Macedonia UEFA
25%
Peru CONMEBOL
25%
Poland UEFA
25%
Portugal UEFA
25%
Romania UEFA
25%
Samoa OFC
25%
Scotland UEFA
25%
Somalia CAF
25%
South Korea AFC
25%
Spain UEFA
25%
Sweden UEFA
25%
Tahiti OFC
25%
Tonga OFC
25%
Uganda CAF
25%
Venezuela CONMEBOL
25%
Vietnam AFC
25%
Zambia CAF
25%
Albania UEFA
13%
Andorra UEFA
13%
Angola CAF
13%
Antigua and Barbuda CONCACAF
13%
Armenia UEFA
13%
Aruba CONCACAF
13%
Azerbaijan UEFA
13%
Belarus UEFA
13%
Belgium UEFA
13%
Benin CAF
13%
British Virgin Islands CONCACAF
13%
Brunei AFC
13%
Canada CONCACAF
13%
Cook Islands OFC
13%
Costa Rica CONCACAF
13%
Croatia UEFA
13%
Cuba CONCACAF
13%
Democratic Republic of the Congo CAF
13%
Egypt CAF
13%
Faroe Islands UEFA
13%
France UEFA
13%
Ghana CAF
13%
Gibraltar UEFA
13%
Guinea Bissau CAF
13%
Iceland UEFA
13%
Iran AFC
13%
Italy UEFA
13%
Jamaica CONCACAF
13%
Jordan AFC
13%
Kazakhstan UEFA
13%
Kuwait AFC
13%
Latvia UEFA
13%
Liberia CAF
13%
Libya CAF
13%
Luxembourg UEFA
13%
Macau AFC
13%
Malaysia AFC
13%
Malta UEFA
13%
Mexico CONCACAF
13%
Moldova UEFA
13%
Mozambique CAF
13%
New Caledonia OFC
13%
Nigeria CAF
13%
Norway UEFA
13%
Panama CONCACAF
13%
Papua New Guinea OFC
13%
Paraguay CONMEBOL
13%
Philippines AFC
13%
Qatar AFC
13%
Russia UEFA
13%
Saint Vincent and the Grenadines CONCACAF
13%
San Marino UEFA
13%
Senegal CAF
13%
Serbia UEFA
13%
Sierra Leone CAF
13%
Slovakia UEFA
13%
Slovenia UEFA
13%
Solomon Islands OFC
13%
South Africa CAF
13%
Sudan CAF
13%
Switzerland UEFA
13%
Tunisia CAF
13%
Turkey UEFA
13%
Turkmenistan AFC
13%
United States CONCACAF
13%
Vanuatu OFC
13%
Wales UEFA
13%
Yemen AFC
13%
Afghanistan AFC
0%
Anguilla CONCACAF
0%
Bahamas CONCACAF
0%
Bahrain AFC
0%
Bangladesh AFC
0%
Barbados CONCACAF
0%
Belize CONCACAF
0%
Bhutan AFC
0%
Burkina Faso CAF
0%
Burundi CAF
0%
Cambodia AFC
0%
Cameroon CAF
0%
Cape Verde CAF
0%
Cayman Islands CONCACAF
0%
Central African Republic CAF
0%
Chad CAF
0%
China AFC
0%
Comoros CAF
0%
Curacao CONCACAF
0%
Djibouti CAF
0%
Dominica CONCACAF
0%
Dominican Republic CONCACAF
0%
East Timor AFC
0%
Equatorial Guinea CAF
0%
Eritrea CAF
0%
Eswatini CAF
0%
Ethiopia CAF
0%
Gabon CAF
0%
Gambia CAF
0%
Georgia UEFA
0%
Grenada CONCACAF
0%
Guam AFC
0%
Guatemala CONCACAF
0%
Guinea CAF
0%
Guyana CONCACAF
0%
Indonesia AFC
0%
Iraq AFC
0%
Kenya CAF
0%
Kyrgyzstan AFC
0%
Laos AFC
0%
Lebanon AFC
0%
Lesotho CAF
0%
Madagascar CAF
0%
Malawi CAF
0%
Maldives AFC
0%
Mali CAF
0%
Mauritania CAF
0%
Mauritius CAF
0%
Mongolia AFC
0%
Montserrat CONCACAF
0%
Myanmar AFC
0%
Namibia CAF
0%
Nepal AFC
0%
North Korea AFC
0%
Oman AFC
0%
Palestine AFC
0%
Puerto Rico CONCACAF
0%
Republic of the Congo CAF
0%
Rwanda CAF
0%
Saint Kitts and Nevis CONCACAF
0%
Saint Lucia CONCACAF
0%
Sao Tome and Principe CAF
0%
Saudi Arabia AFC
0%
Seychelles CAF
0%
Singapore AFC
0%
South Sudan CAF
0%
Sri Lanka AFC
0%
Suriname CONCACAF
0%
Syria AFC
0%
Taiwan AFC
0%
Tajikistan AFC
0%
Tanzania CAF
0%
Thailand AFC
0%
Togo CAF
0%
Trinidad and Tobago CONCACAF
0%
Turks and Caicos Islands CONCACAF
0%
United Arab Emirates AFC
0%
US Virgin Islands CONCACAF
0%
Uzbekistan AFC
0%
Zimbabwe CAF
0%
No matching quizzes found
Score Distribution
Percent of People with Each Score
Percentile by Number Answered
Your Score History
You have not taken this quiz